000
00190 a2200073 4500
020
_a
9780925636515
082
_a
519.50285 MIN
245
_a
Meet Minitab 15 for windows
_c
MINITAB Inc
300
_a
variouse pages
_b
ill. ;
_c
27 cm.
999
_c
551
_d
551